000 00470nam a2200169Ia 4500
003 LK-CoDNM
008 010623t2011 xxu||||| |||| 00| 1 sin d
040 _aLK-CoDNM
_dLK-CoDNM
_eLK-CoDNM
041 _asin
080 _a32
_bIVA
100 _aIvan,Victer
245 _aදේශපාලනයේ පවුල හා කුලය
246 _aDeshapalanaye Pawla Ha Kulaya
260 _bRavaya Prakashana
_aMaharagama
_c2011
300 _b200, 21 cm
942 _cBK
999 _c131140
_d131140